000
00219nam a22000857a 4500
008
161209b xxu||||| |||| 00| 0 eng d
100
_9
1963
_a
Mittal.R.S.etal
245
_a
Physics Lab Manuel-XI
260
_a
New Delhi
_b
PPC
_c
2011
999
_c
4757
_d
4757